000 00691nam a2200181Ia 4500
008 100921s9999 xx 000 0 und d
082 _b43300
_a891.463 न 09
100 _aभारद्वाज मंदाकिनी.
245 _aउसनं प्रतिबिंब.
260 _bमंगल दीप प्रकाशन, पुणे.
_c2009
300 _a160
_bकलाभारती वितरण,पुणे
365 _b160
520 _aललित-कादंबरी.
630 _aउसनं प्रतिबिंब.
650 _aललित-कादंबरी.
730 _aउसनं प्रतिबिंब.
942 _cBOOK
999 _c792413
_d792410